000 00638nam a2200181Ia 4500
008 151018s9999 xx 000 0 und d
082 _bRBASDV34600
_a891.463
100 _aसंजय सोनवणी
245 _aआभाळात गेलेली माणसं
250 _b1
260 _bपुष्प प्रकाशन पुणे
_c2001
300 _a132
600 _aसंजय सोनवणी
630 _aआभाळात गेलेली माणसं
700 _aसंजय सोनवणी
730 _aआभाळात गेलेली माणसं
942 _cBOOK
999 _c1034090
_d1034087